000 01455nam a2200397 i 4500
001 196390
003 ES-MaACL
005 20241012063115.0
007 ta
008 240923s2010 sp a | ||||o000 0dspa
017 _aM 24270-2010
_bOficina Depósito Legal Madrid
020 _a9788492901012
035 _a(OCoLC)868792827
035 _a(SpMaBN)a4793758
035 _a991024170119708606
040 _aSpMaBN
_bspa
_cSpMaBN
_erdc
_dES-MaACL
080 _a069(460)
080 _a069(091)
245 0 4 _aLas colecciones :
_bhistoria, arte, ciencia y derecho /
_cAntonio Pau Pedrón, Mª del Carmen Francés Causapé (editores).
260 _aMadrid :
_bIdE,
_c2010.
300 _a186 p. :
_bil. col. y n. ;
_c26 cm
336 _2rdacontent
_atexto
337 _2rdamedia
_asin mediación
338 _2rdacarrier
_avolumen
504 _aIncluye referencias bibliográficas
650 4 _aMuseos-
_zEspaña
_2embne
_915366
650 7 _aColeccionistas y colecciones-
_vHistoria
_9151504
_zEspaña-
700 0 _aPau Pedrón, Antonio
_989620
700 1 _aFrancés Causapé, María del Carmen
_9238876
852 _aES-MaACL
_cDEPO1
_hDonación: José Manuel Duarte Cendán
_9204089
_jA-15429
903 _9238529
_aDuarte Cendán, José Manuel
_q1
_ednr
942 _n0
_cMONOGRAFIA
999 _c196390
_d196390